| 000 | 00888nam a22002777a 4500 | ||
|---|---|---|---|
| 001 | 7127 | ||
| 003 | FISKH | ||
| 005 | 20250626085818.0 | ||
| 008 | 250624b cb ||||| |||| 00| 0 eng d | ||
| 020 | _a9788956355207 | ||
| 040 |
_aFISKH _beng _cFISKH _dFISKH |
||
| 050 | _aPZ7 | ||
| 082 | _a580 | ||
| 100 | _aSormark, Julie | ||
| 245 |
_aThe giving tree / _cRetold by Julie Sormark : through the Art Style of Raoul Dufy |
||
| 260 |
_aSeoul : _be future , _c2010. |
||
| 300 |
_a35 pages : _bcolor illustrations ; _c24 cm . |
||
| 490 | _aArt Classic Stories | ||
| 505 | _a M | ||
| 520 | _aArt Classic Stories is a special series of English fairy tales that combines the paintings of great painters with classic fairy tales. | ||
| 521 | 8 |
_a530
_bLexile |
|
| 521 | 8 |
_aM
_bRaz-Plus |
|
| 700 |
_aYoo, Seunghee _eIllustrator |
||
| 942 |
_2ddc _cBK _n0 |
||
| 999 |
_c7127 _d7127 |
||